| 000 | 00687nam a2200217 i 4500 | ||
|---|---|---|---|
| 001 | 177340 | ||
| 003 | ES-MaACL | ||
| 005 | 20230906220316.0 | ||
| 007 | t| | ||
| 008 | 110316s1965 sp ac ||||1| spa d | ||
| 080 | _a75 Degas | ||
| 100 | 1 |
_aHuttinger, Edouard. _9145665 |
|
| 245 | 1 | 0 |
_aDegas / _cpor Edouard Huttinger ; [traducción de José Antonio Fontanilla]. |
| 260 |
_aMadrid [etc.] : _bDaimon, Manuel Tamayo, _ccop. 1965. |
||
| 300 |
_a92 p. , [2] h. : _bil. col. y n. ; _c29 cm. |
||
| 500 | _aÍndice. | ||
| 504 | _aBibliografía: p. 89-93. | ||
| 600 | 1 | 4 |
_aDegas, Edgar. _943213 |
| 700 | 1 |
_aFontanilla, José Antonio. _951619 |
|
| 852 |
_aES-MaACL _jE-14692 _xOlim P-1262 |
||
| 999 |
_c177340 _d177340 |
||